00282nam a2200109 a 450000500170000000800410001702000180005805000190007624500330009526000330012844000110016120140412111414.0070703s19uu xx 00 eng d a0-7214-3686-2 aERbHu891 1991 aThe hunchback of Notre Dame. aUK :bLadybird books,c1996. aDisney